And now a few words from me : (Record no. 343622)
[ view plain ]
| 000 -LEADER | |
|---|---|
| fixed length control field | 01442 a2200205 4500 |
| 020 ## - INTERNATIONAL STANDARD BOOK NUMBER | |
| International Standard Book Number | 0071403167 |
| 020 ## - INTERNATIONAL STANDARD BOOK NUMBER | |
| International Standard Book Number | 9780071403160 |
| 082 04 - DEWEY DECIMAL CLASSIFICATION NUMBER | |
| Classification number | 659.1 |
| 090 ## - LOCALLY ASSIGNED LC-TYPE CALL NUMBER (OCLC); LOCAL CALL NUMBER (RLIN) | |
| -- | 1091 |
| -- | 1091 |
| 100 1# - MAIN ENTRY--PERSONAL NAME | |
| Personal name | Garfield, Bob. |
| 245 10 - TITLE STATEMENT | |
| Title | And now a few words from me : |
| Remainder of title | advertising's leading critic lays down the law, once and for all / |
| Statement of responsibility, etc. | Bob Garfield. |
| 250 ## - EDITION STATEMENT | |
| Edition statement | 1st ed. |
| 260 ## - PUBLICATION, DISTRIBUTION, ETC. | |
| Place of publication, distribution, etc. | [S.l.] : |
| Name of publisher, distributor, etc. | McGraw-Hill, |
| Date of publication, distribution, etc. | 2003. |
| 300 ## - PHYSICAL DESCRIPTION | |
| Extent | 256 p. ; |
| Dimensions | 22 cm. |
| 500 ## - GENERAL NOTE | |
| General note | Hardcover. |
| 520 ## - SUMMARY, ETC. | |
| Summary, etc. | "If you crave insight into the wacky, zany, madcap--albeit very serious--business of advertising, this is a great place to begin."-- Miami Herald A witty and frank look at the ad biz from one of its most respected voices Advertising has become an endless stream of clich�s, cheesy productions, miscast celebrities, and gratuitous sex--and take-no-prisoners Advertising Age columnist Bob Garfield has had enough. In the often hilarious, always dead-on And Now a Few Words from Me , Garfield looks at the best and the worst in today's advertising as he tells advertising pros that it's time to swallow their own egos, return clients' rights to the forefront, and--once and for all--eliminate bad advertising from the face of the earth. |
| 856 40 - ELECTRONIC LOCATION AND ACCESS | |
| Materials specified | Amazon.com |
| Uniform Resource Identifier | <a href="http://www.amazon.com/exec/obidos/ASIN/0071403167/chopaconline-20">http://www.amazon.com/exec/obidos/ASIN/0071403167/chopaconline-20</a> |
| 856 40 - ELECTRONIC LOCATION AND ACCESS | |
| Materials specified | Amazon customer reviews |
| Uniform Resource Identifier | <a href="http://www.chopac.org/cgi-bin/tools/azrev.pl?q=0071403167">http://www.chopac.org/cgi-bin/tools/azrev.pl?q=0071403167</a> |
| 942 ## - ADDED ENTRY ELEMENTS (KOHA) | |
| Institution code [OBSOLETE] | NBS |
| Koha item type | Book |
| Call number prefix | 659.1 GAR |
| Withdrawn status | Lost status | Damaged status | Not for loan | Permanent Location | Current Location | Date acquired | Total Checkouts | Full call number | Barcode | Date last seen | Date last checked out | Price effective from | Koha item type |
|---|---|---|---|---|---|---|---|---|---|---|---|---|---|
| Central Library (CL) | Central Library (CL) | 08/28/2013 | 1 | 659.1 GAR | NBSD-154 | 11/03/2020 | 02/06/2020 | 08/28/2013 | Book |
